000 00365nam a2200145Ia 4500
008 230711s9999||||xx |||||||||||||| ||und||
041 _aENG
082 _a621
_bSC-S
100 _aScintific Publisher
245 0 _aSoil dynamics deep stablizer
250 _a1st
260 _c1986
_aNew Delhi
_bScientific Publication Ltd,
650 _aCivil Engineering
942 _cBK
999 _c730
_d730